00277 a2200109 4500001000700000020000600007040001100013100003100024240005400055245004900109362000900158168909 a  cMagnum aRuiz, Ambrosio J. Pulpillo10aLa participacion de los padres en la escuelalESP10aLa participacion de los padres en la escuela0 a1899